Investments / (Record no. 19101)
[ view plain ]
| 000 -LEADER | |
|---|---|
| fixed length control field | 00967pam a2200313 i 4500 |
| 001 - CONTROL NUMBER | |
| control field | 016635441 |
| 003 - CONTROL NUMBER IDENTIFIER | |
| control field | OSt |
| 005 - DATE AND TIME OF LATEST TRANSACTION | |
| control field | 20150323130211.0 |
| 008 - FIXED-LENGTH DATA ELEMENTS--GENERAL INFORMATION | |
| fixed length control field | 140217s2014 enka 001 0 eng|d |
| 020 ## - INTERNATIONAL STANDARD BOOK NUMBER | |
| International Standard Book Number | 9780077161149 (pbk.) |
| 020 ## - INTERNATIONAL STANDARD BOOK NUMBER | |
| International Standard Book Number | 0077161149 (pbk.) |
| 040 ## - CATALOGING SOURCE | |
| Original cataloging agency | StDuBDS |
| Language of cataloging | eng |
| Transcribing agency | StDuBDS |
| Modifying agency | Uk |
| -- | EG-ScBUE |
| 082 00 - DEWEY DECIMAL CLASSIFICATION NUMBER | |
| Classification number | 332.6 |
| Item number | BOD |
| Edition number | 22 |
| 100 1# - MAIN ENTRY--PERSONAL NAME | |
| Personal name | Bodie, Zvi, |
| 245 10 - TITLE STATEMENT | |
| Title | Investments / |
| Statement of responsibility, etc | Zvi Bodie, Alex Kane and Alan J. Marcus. |
| 250 ## - EDITION STATEMENT | |
| Edition statement | 10th ed., global ed. |
| 260 ## - PUBLICATION, DISTRIBUTION, ETC. (IMPRINT) | |
| Place of publication, distribution, etc | Maidenhead : |
| Name of publisher, distributor, etc | McGraw-Hill Education, |
| Date of publication, distribution, etc | c.2014. |
| 300 ## - PHYSICAL DESCRIPTION | |
| Extent | [Various pagings] : |
| Other physical details | ill. ; |
| Dimensions | 26 cm. |
| 490 0# - Series Statement | |
| Series statement | The McGraw-Hill/Irwin series in finance, insurance, and real estate |
| 500 ## - GENERAL NOTE | |
| General note | Includes index. |
| 500 ## - GENERAL NOTE | |
| General note | Includes glossary |
| 650 #0 - SUBJECT ADDED ENTRY--TOPICAL TERM | |
| Topical term or geographic name as entry element | Investments. |
| 650 #0 - SUBJECT ADDED ENTRY--TOPICAL TERM | |
| Topical term or geographic name as entry element | Portfolio management. |
| 653 ## - INDEX TERM--UNCONTROLLED | |
| Resource For college | BAEPS, Economics |
| Arrived date list | March2015 |
| 655 ## - INDEX TERM--GENRE/FORM | |
| Form subdivision | |
| -- | 33728 |
| 700 1# - ADDED ENTRY--PERSONAL NAME | |
| Personal name | Kane, Alex. |
| 9 (RLIN) | 9027 |
| 700 1# - ADDED ENTRY--PERSONAL NAME | |
| Personal name | Marcus, Alan J. |
| 9 (RLIN) | 9028 |
| 942 ## - ADDED ENTRY ELEMENTS (KOHA) | |
| Source of classification or shelving scheme | Dewey Decimal Classification |
| Call number prefix | 332.6 BOD |
| Withdrawn status | Item status | Source of classification or shelving scheme | Damaged status | Not for loan | Vendor | Home library | Current library | Shelving location | Date acquired | Source of acquisition | Cost, normal purchase price | Total Checkouts | Full call number | Barcode | Date last seen | Cost, replacement price | Koha item type | Total Renewals | Checked out | Date last borrowed |
|---|---|---|---|---|---|---|---|---|---|---|---|---|---|---|---|---|---|---|---|---|
| Dewey Decimal Classification | Baccah | Central Library | Central Library | First floor | 23/03/2015 | 270.00 | 332.6 BOD | 000037692 | 15/07/2025 | 338.00 | NB - Book (Non borrowing) | |||||||||
| Lost | Dewey Decimal Classification | Baccah | Central Library | Central Library | First floor | 23/03/2015 | 270.00 | 3 | 332.6 BOD | 000037691 | 03/03/2016 | 338.00 | Book - Borrowing | 10 | 27/04/2016 | 03/03/2016 | ||||
| Dewey Decimal Classification | Baccah | Central Library | Central Library | First floor | 23/03/2015 | 270.00 | 7 | 332.6 BOD | 000037690 | 15/07/2025 | 338.00 | Book - Borrowing | 13 | 05/02/2018 | ||||||
| Dewey Decimal Classification | Baccah | Central Library | Central Library | First floor | 23/03/2015 | 270.00 | 8 | 332.6 BOD | 000037689 | 15/07/2025 | 338.00 | Book - Borrowing | 31 | 25/10/2022 | ||||||
| Dewey Decimal Classification | Baccah | Central Library | Central Library | First floor | 23/03/2015 | 13 | 332.6 BOD | 000037688 | 15/07/2025 | Book - Borrowing | 24 | 24/06/2018 | ||||||||
| Dewey Decimal Classification | Baccah | Central Library | Central Library | First floor | 23/03/2015 | 8 | 332.6 BOD | 000037744 | 15/07/2025 | Book - Borrowing | 73 | 30/10/2021 | ||||||||
| Dewey Decimal Classification | Baccah | Central Library | Central Library | First floor | 23/03/2015 | 9 | 332.6 BOD | 000037745 | 15/07/2025 | Book - Borrowing | 31 | 04/11/2020 | ||||||||
| Dewey Decimal Classification | Baccah | Central Library | Central Library | First floor | 23/03/2015 | 5 | 332.6 BOD | 000037746 | 15/07/2025 | Book - Borrowing | 36 | 05/02/2018 |